[Event "SVK-chT 2324"]
[Site "Slovakia"]
[Date "2023.11.04"]
[Round "1.8"]
[White "Bochnickova, Simona"]
[Black "Sarkozi, Szabolcs"]
[Result "0-1"]
[WhiteElo "2043"]
[BlackElo "2075"]
[PlyCount "40"]
[EventDate "2023.11.04"]
[EventType "team-tourn"]
[EventRounds "11"]
[EventCountry "SVK"]
[SourceTitle "Mega2024 Update 01"]
[Source "Chessbase"]
[SourceDate "2023.11.12"]
[SourceVersion "1"]
[SourceVersionDate "2023.11.12"]
[SourceQuality "1"]
[WhiteTeam "Modra"]
[BlackTeam "Komarno"]
[WhiteTeamCountry "SVK"]
[BlackTeamCountry "SVK"]

1. e4 c5 2. Nf3 Nc6 3. d4 cxd4 4. Nxd4 Nf6 5. Nc3 e5 6. Ndb5 d6 7. Bg5 a6 8. Na3 Be7 9. Bxf6 gxf6 10. Bc4 Nd4 11. Qh5 Rf8 12. 0-0-0 Rb8 13. Bd5 Qd7 14. Qxh7 b5 15. Rxd4 exd4 16. Ne2 Qg4 17. Ng3 Be6 18. Kb1 Kd7 19. Nf5 Rbe8 20. Qg7 Bxf5 0-1

[Event "SVK-chT2B 2223"]
[Site "Slovakia"]
[Date "2023.03.26"]
[Round "11.4"]
[White "Sarkozi, Szabolcs"]
[Black "Karaba, Rudolf1111"]
[Result "1-0"]
[WhiteElo "2070"]
[BlackElo "1252"]
[PlyCount "69"]
[EventDate "2022.10.08"]
[EventType "team-tourn"]
[EventRounds "11"]
[EventCountry "SVK"]
[SourceTitle "EXT 2024"]
[Source "ChessBase"]
[SourceDate "2023.10.10"]
[SourceVersion "1"]
[SourceVersionDate "2023.10.10"]
[SourceQuality "1"]
[WhiteTeam "Komarno II"]
[BlackTeam "Topolcany II"]
[WhiteTeamCountry "SVK"]
[BlackTeamCountry "SVK"]

1. e4 c5 2. Nf3 Nc6 3. Bb5 e6 4. Bxc6 bxc6 5. b3 d5 6. d3 Nf6 7. Qe2 Qc7 8. c4 d4 9. e5 Nd7 10. Bf4 g6 11. h4 h5 12. Bg3 Bg7 13. Nbd2 a5 14. Ne4 a4 15. Nd6+ Ke7 16. 0-0 Rf8 17. Qd2 Nxe5 18. Nxe5 Qxd6 19. Nxg6+ fxg6 20. Bxd6+ Kxd6 21. b4 e5 22. f4 exf4 23. bxc5+ Kc7 24. Qb4 Ba6 25. Rfe1 Bf6 26. Re6 Kd7 27. Rae1 Bxh4 28. Rd6+ Kc8 29. Rxc6+ Kd7 30. Ree6 Rab8 31. Red6+ Ke7 32. Rc7+ Ke8 33. Qxb8+ Bc8 34. Qxc8+ Bd8 35. Rxd8# 1-0

[Event "SVK-chT2B 2223"]
[Site "Slovakia"]
[Date "2023.03.25"]
[Round "10.4"]
[White "Gaspar, Michal"]
[Black "Sarkozi, Szabolcs"]
[Result "0-1"]
[WhiteElo "1811"]
[BlackElo "2070"]
[PlyCount "42"]
[EventDate "2022.10.08"]
[EventType "team-tourn"]
[EventRounds "11"]
[EventCountry "SVK"]
[SourceTitle "EXT 2024"]
[Source "ChessBase"]
[SourceDate "2023.10.10"]
[SourceVersion "1"]
[SourceVersionDate "2023.10.10"]
[SourceQuality "1"]
[WhiteTeam "Prievidza"]
[BlackTeam "Komarno II"]
[WhiteTeamCountry "SVK"]
[BlackTeamCountry "SVK"]

1. e4 c5 2. Nf3 Nc6 3. d4 cxd4 4. Nxd4 Nf6 5. Nc3 e5 6. Nde2 Bb4 7. Bg5 h6 8. Bxf6 Qxf6 9. f3 0-0 10. Qd2 d6 11. 0-0-0 Be6 12. a3 Ba5 13. Kb1 Rfd8 14. Qd3 a6 15. Nd5 Bxd5 16. Qxd5 Rac8 17. Ng3 b5 18. c3 Ne7 19. Qb7 d5 20. Qa7 d4 21. cxd4 Rc7 0-1

[Event "SVK-chT 2223"]
[Site "Slovakia"]
[Date "2023.02.25"]
[Round "7.2"]
[White "Sarkozi, Szabolcs"]
[Black "Bury, Rastislav"]
[Result "1/2-1/2"]
[WhiteElo "2072"]
[BlackElo "2131"]
[PlyCount "69"]
[EventDate "2022.10.22"]
[EventType "team-tourn"]
[EventRounds "11"]
[EventCountry "SVK"]
[SourceTitle "EXT 2024"]
[Source "ChessBase"]
[SourceDate "2023.10.10"]
[SourceVersion "1"]
[SourceVersionDate "2023.10.10"]
[SourceQuality "1"]
[WhiteTeam "Komarno"]
[BlackTeam "Osuske"]
[WhiteTeamCountry "SVK"]
[BlackTeamCountry "SVK"]

1. e4 c5 2. Nf3 d6 3. d4 cxd4 4. Nxd4 Nf6 5. Nc3 a6 6. h3 e6 7. g4 h6 8. Bg2 Be7 9. Be3 Nc6 10. 0-0 Nxd4 11. Qxd4 e5 12. Qd2 b5 13. a4 b4 14. Nd5 Nxd5 15. exd5 a5 16. c3 bxc3 17. bxc3 0-0 18. c4 Bg5 19. Bxg5 Qxg5 20. Qxg5 hxg5 21. c5 dxc5 22. Rfc1 Bd7 23. Rc4 Rfb8 24. Rac1 f6 25. Rxc5 Rc8 26. Be4 Rxc5 27. Rxc5 Bxa4 28. Bf5 Bb3 29. d6 Rd8 30. Rxa5 g6 31. Bxg6 Bf7 32. Bxf7+ Kxf7 33. Ra6 Ke6 34. Kg2 Rxd6 35. Ra8 1/2-1/2

[Event "SVK-ch rapid"]
[Site "Podbanske"]
[Date "2022.09.10"]
[Round "4"]
[White "Sarkozi, Szabolcs"]
[Black "Gombocz, Ferenc Jr"]
[Result "0-1"]
[WhiteElo "1806"]
[BlackElo "2101"]
[PlyCount "64"]
[EventDate "2022.09.10"]
[EventType "swiss (rapid)"]
[EventRounds "9"]
[EventCountry "SVK"]
[SourceTitle "CBM 210 Extra"]
[Source "ChessBase"]
[SourceDate "2022.11.30"]
[SourceVersion "1"]
[SourceVersionDate "2022.11.30"]
[SourceQuality "1"]

1. e4 e5 2. Nf3 Nc6 3. d3 g6 4. h4 h5 5. Nc3 d6 6. Bg5 Be7 7. Qd2 Bxg5 8. hxg5 Bg4 9. Nd5 Bxf3 10. gxf3 Nd4 11. Be2 c6 12. Ne3 Qxg5 13. 0-0-0 0-0-0 14. c3 Nxe2+ 15. Qxe2 Ne7 16. Kb1 Kb8 17. d4 exd4 18. cxd4 Rhe8 19. Rhg1 Qf4 20. Ng2 Qh6 21. f4 d5 22. f3 Nc8 23. Qd3 Nd6 24. Rge1 dxe4 25. fxe4 f5 26. e5 Ne4 27. Rxe4 fxe4 28. Qxe4 h4 29. Ne3 h3 30. Rh1 Rf8 31. f5 gxf5 32. Nxf5 Qh7 0-1

[Event "SVK-chT2B 2122"]
[Site "Slovakia"]
[Date "2022.03.06"]
[Round "6.6"]
[White "Cvirik, Vladimir"]
[Black "Sarkozi, Szabolcs"]
[Result "0-1"]
[WhiteElo "1820"]
[BlackElo "2088"]
[PlyCount "58"]
[EventDate "2021.10.16"]
[EventType "team-tourn"]
[EventRounds "11"]
[EventCountry "SVK"]
[SourceTitle "EXT 2023"]
[Source "ChessBase"]
[SourceDate "2022.10.05"]
[SourceVersion "1"]
[SourceVersionDate "2022.10.05"]
[SourceQuality "1"]
[WhiteTeam "Surany"]
[BlackTeam "Komarno II"]
[WhiteTeamCountry "SVK"]
[BlackTeamCountry "SVK"]

1. d4 f5 2. c4 Nf6 3. Nc3 e6 4. g3 Bb4 5. Bd2 0-0 6. Bg2 d6 7. e3 c6 8. Nge2 e5 9. 0-0 Nbd7 10. a3 Bxc3 11. Bxc3 Qe8 12. f3 Qh5 13. Qd2 Qh6 14. Rae1 e4 15. h4 d5 16. c5 b6 17. b4 g5 18. hxg5 Qxg5 19. Rf2 Kh8 20. Bh3 exf3 21. Rxf3 Ne4 22. Qc2 Qh5 23. Bg2 Ndf6 24. Nf4 Qh6 25. Nh3 Ng4 26. Bb2 Ba6 27. Bc1 Ng5 28. Bh1 Nxh3+ 29. Kg2 Ng5 0-1

[Event "SVK-chT2B 2122"]
[Site "Slovakia"]
[Date "2021.11.13"]
[Round "3.5"]
[White "Zakovic, Jozef"]
[Black "Sarkozi, Szabolcs"]
[Result "0-1"]
[WhiteElo "1749"]
[BlackElo "2088"]
[PlyCount "84"]
[EventDate "2021.10.16"]
[EventType "team-tourn"]
[EventRounds "11"]
[EventCountry "SVK"]
[SourceTitle "EXT 2023"]
[Source "ChessBase"]
[SourceDate "2022.10.05"]
[SourceVersion "1"]
[SourceVersionDate "2022.10.05"]
[SourceQuality "1"]
[WhiteTeam "Prievidza"]
[BlackTeam "Komarno II"]
[WhiteTeamCountry "SVK"]
[BlackTeamCountry "SVK"]

1. e4 g6 2. d4 Bg7 3. Nc3 d6 4. g3 a6 5. a4 b6 6. Bg2 Bb7 7. Nge2 Nd7 8. 0-0 c5 9. Be3 Qc7 10. Qd2 h6 11. Rad1 Ngf6 12. h3 cxd4 13. Bxd4 0-0 14. Nd5 Bxd5 15. exd5 Rac8 16. Nc3 Nh5 17. Bxg7 Kxg7 18. Qe2 Ne5 19. Qxa6 Nc4 20. Nb5 Qc5 21. b3 Ne3 22. b4 Qxb4 23. fxe3 Nxg3 24. Rf2 Nf5 25. Nd4 Nxe3 26. Nc6 Rxc6 27. dxc6 Nxd1 28. Re2 Qc5+ 29. Kh2 d5 30. Qb5 Qd6+ 31. Kg1 Nc3 32. Qb2 Qc5+ 33. Kf1 Kh7 34. Rd2 Qxc6 35. Rd3 Ne4 36. Qb3 Qf6+ 37. Kg1 Qf2+ 38. Kh2 e6 39. Qb4 Qc5 40. Qb2 Rc8 41. Bxe4 Qf2+ 42. Bg2 Rxc2 0-1

[Event "SVK-chT1W 2122"]
[Site "Slovakia"]
[Date "2021.11.06"]
[Round "1.7"]
[White "Privara, Igor"]
[Black "Sarkozi, Szabolcs"]
[Result "1/2-1/2"]
[WhiteElo "2081"]
[BlackElo "2088"]
[PlyCount "136"]
[EventDate "2021.11.06"]
[EventType "team-tourn"]
[EventRounds "11"]
[EventCountry "SVK"]
[SourceTitle "EXT 2023"]
[Source "ChessBase"]
[SourceDate "2022.10.05"]
[SourceVersion "1"]
[SourceVersionDate "2022.10.05"]
[SourceQuality "1"]
[WhiteTeam "Bratislava Slovan II"]
[BlackTeam "Komarno"]
[WhiteTeamCountry "SVK"]
[BlackTeamCountry "SVK"]

1. e4 c5 2. c3 Nf6 3. e5 Nd5 4. Nf3 Nc6 5. Bc4 Nb6 6. Bb3 d5 7. exd6 e6 8. 0-0 Bxd6 9. d4 0-0 10. dxc5 Bxc5 11. Qe2 Qc7 12. Nbd2 e5 13. Ne4 Be7 14. Bg5 Bg4 15. h3 Bh5 16. Rad1 Rad8 17. Rxd8 Rxd8 18. Rd1 Nc8 19. Bxe7 Qxe7 20. Rxd8+ Qxd8 21. Ng3 Bxf3 22. Qxf3 Nd6 23. Bd5 Qb6 24. Ne4 Nd8 25. Nxd6 Qxd6 26. Bxb7 Qb6 27. Bd5 Qxb2 28. Bxf7+ Nxf7 29. Qa8+ Nd8 30. Qxd8+ Kf7 31. Qc7+ Kf6 32. Qxa7 Qxc3 33. a4 h5 34. h4 Qc4 35. g3 e4 36. a5 g5 37. Qb6+ Kf5 38. Qh6 gxh4 39. Qxh5+ Ke6 40. Qxh4 Qa4 41. Qg5 Kf7 42. Qf5+ Kg7 43. Kg2 Qc6 44. Kh3 Kh6 45. g4 Qc4 46. Kg3 Qc3+ 47. Kh4 Qe1 48. g5+ Kg7 49. a6 Qh1+ 50. Qh3 Qe1 51. Qe3 Qh1+ 52. Kg3 Kg6 53. a7 Qg1+ 54. Kh3 Qh1+ 55. Kg4 Qg1+ 56. Qg3 Qd1+ 57. Kf4 Qd6+ 58. Kxe4 Qc6+ 59. Kf4 Qc7+ 60. Kg4 Qd7+ 61. Kf3 Qb7+ 62. Ke2 Qxa7 63. Qe5 Qa2+ 64. Kf3 Kh5 65. Qf6 Qb3+ 66. Kg2 Qh3+ 67. Kg1 Qg4+ 68. Kf1 Qd1+ 1/2-1/2

[Event "Slovak Hybrid Teams"]
[Site "Tornelo INT"]
[Date "2021.05.14"]
[Round "2.3"]
[White "Sarkozi, Szabolcs"]
[Black "Romanova, Ela"]
[Result "1-0"]
[WhiteElo "2078"]
[BlackElo "1549"]
[PlyCount "65"]
[EventDate "2021.05.13"]
[EventType "team-tourn"]
[EventRounds "5"]
[EventCountry "SVK"]
[SourceTitle "CBM 202 Extra"]
[Source "ChessBase"]
[SourceDate "2021.07.31"]
[SourceVersion "1"]
[SourceVersionDate "2021.07.31"]
[SourceQuality "1"]
[WhiteTeam "Nitra Region CF"]
[BlackTeam "Trnava Region CF"]
[WhiteTeamCountry "SVK"]
[BlackTeamCountry "SVK"]

1. Nf3 d5 2. c4 e6 3. e3 f5 4. b3 Nf6 5. Be2 Bd6 6. Bb2 Nbd7 7. d4 c6 8. 0-0 Ne4 9. Qc1 Ndf6 10. Ba3 Bd7 11. Bd3 Qe7 12. Bxe4 Nxe4 13. Bxd6 Qxd6 14. c5 Qe7 15. Nbd2 0-0 16. Ne5 Be8 17. b4 g5 18. Nxe4 dxe4 19. a4 f4 20. Qc2 f3 21. Qxe4 fxg2 22. Qxg2 Rf5 23. Nc4 Bh5 24. Nd6 Rf3 25. b5 cxb5 26. axb5 h6 27. Nc4 Qf7 28. Ne5 Qf5 29. c6 bxc6 30. bxc6 g4 31. Nxf3 Qxf3 32. c7 Qf8 33. Rfc1 1-0

[Event "Skalica Masters op"]
[Site "Skalica"]
[Date "2020.08.28"]
[Round "7"]
[White "Sarkozi, Szabolcs"]
[Black "Takacs, Laszlo"]
[Result "0-1"]
[WhiteElo "2046"]
[BlackElo "2190"]
[PlyCount "66"]
[EventDate "2020.08.23"]
[EventType "swiss"]
[EventRounds "9"]
[EventCountry "SVK"]
[SourceTitle "CBM 198 Extra"]
[Source "ChessBase"]
[SourceDate "2020.11.30"]
[SourceVersion "1"]
[SourceVersionDate "2020.11.30"]
[SourceQuality "1"]

1. Nf3 d5 2. b3 Nf6 3. Bb2 e6 4. e3 c5 5. Ne5 Bd6 6. f4 0-0 7. Be2 Nbd7 8. 0-0 Qc7 9. d4 Ne4 10. Na3 a6 11. c4 Ndf6 12. Rc1 Qe7 13. Nc2 b5 14. b4 dxc4 15. dxc5 Bxe5 16. Bxe5 Bb7 17. Bf3 Bd5 18. Nd4 a5 19. Nxb5 axb4 20. Nc7 Qxc5 21. Nxd5 exd5 22. Bd4 Qb5 23. Bxe4 Nxe4 24. Qg4 f6 25. Rf3 Qe8 26. Rh3 Qf7 27. Rf1 Rxa2 28. f5 c3 29. Rh6 Rfa8 30. Rg6 Ra1 31. h4 Rxf1+ 32. Kxf1 Ra1+ 33. Ke2 Qd7 0-1

[Event "SVK-ch rapid"]
[Site "Topolcany"]
[Date "2020.07.11"]
[Round "1"]
[White "Sarkozi, Szabolcs"]
[Black "Pacher, Milan"]
[Result "0-1"]
[WhiteElo "1826"]
[BlackElo "2474"]
[PlyCount "70"]
[EventDate "2020.07.11"]
[EventType "swiss (rapid)"]
[EventRounds "9"]
[EventCountry "SVK"]
[SourceTitle "CBM 197 Extra"]
[Source "ChessBase"]
[SourceDate "2020.09.30"]
[SourceVersion "1"]
[SourceVersionDate "2020.09.30"]
[SourceQuality "1"]

1. f4 g6 2. Nf3 Bg7 3. g3 d5 4. Bg2 Nf6 5. 0-0 0-0 6. d3 c5 7. c3 b6 8. Na3 Bb7 9. Nc2 Nc6 10. Qe1 d4 11. Ne5 Rc8 12. a3 Nd7 13. Nxd7 Qxd7 14. c4 e5 15. b4 Rfe8 16. f5 gxf5 17. Bh3 Ne7 18. Qf2 Qc6 19. Bg2 Qxg2+ 20. Qxg2 Bxg2 21. Kxg2 e4 22. Bg5 f6 23. Bh4 Kf7 24. bxc5 bxc5 25. Rab1 Rb8 26. g4 Ng6 27. Bg3 f4 28. Rxb8 Rxb8 29. Bxf4 Rb2 30. Na1 Rxe2+ 31. Kg3 Nxf4 32. Rxf4 exd3 33. Nb3 Bh6 34. Rf3 d2 35. Rd3 Re3+ 0-1

[Event "SVK-ch rapid"]
[Site "Topolcany"]
[Date "2020.07.11"]
[Round "7"]
[White "Sarkozi, Szabolcs"]
[Black "Pokrupa, Marek"]
[Result "1/2-1/2"]
[WhiteElo "1826"]
[BlackElo "2131"]
[PlyCount "148"]
[EventDate "2020.07.11"]
[EventType "swiss (rapid)"]
[EventRounds "9"]
[EventCountry "SVK"]
[SourceTitle "CBM 197 Extra"]
[Source "ChessBase"]
[SourceDate "2020.09.30"]
[SourceVersion "1"]
[SourceVersionDate "2020.09.30"]
[SourceQuality "1"]

1. e4 e6 2. d4 d5 3. Nc3 dxe4 4. Nxe4 Nd7 5. g3 Ngf6 6. Nxf6+ Nxf6 7. Bg2 c5 8. Ne2 cxd4 9. Qxd4 Be7 10. 0-0 0-0 11. h3 a6 12. Be3 Nd5 13. Rfd1 Nxe3 14. Qxe3 Qc7 15. Qb3 Rb8 16. Nf4 b5 17. Rd3 Bb7 18. Bxb7 Rxb7 19. Rad1 Rd8 20. Rxd8+ Bxd8 21. a4 Bg5 22. Qd3 g6 23. axb5 Rxb5 24. b3 Bxf4 25. Qd8+ Qxd8 26. Rxd8+ Kg7 27. gxf4 Kf6 28. Ra8 Rb6 29. Kg2 h5 30. Ra7 Rc6 31. c4 Rb6 32. c5 Rxb3 33. Rxa6 Rc3 34. Rc6 Kf5 35. Rc7 f6 36. c6 Kxf4 37. Rf7 Kf5 38. c7 h4 39. Rd7 g5 40. Rg7 e5 41. Re7 e4 42. Kf1 Kf4 43. Rf7 Ke5 44. Re7+ Kf4 45. Ke2 f5 46. Rf7 Ke5 47. Kd2 Rc6 48. Rg7 Kf6 49. Rd7 g4 50. hxg4 fxg4 51. Ke3 Ke6 52. Rh7 Kf5 53. Rh5+ Kg6 54. Rxh4 Rxc7 55. Rxg4+ Kf5 56. Rf4+ Kg5 57. Rxe4 Rc3+ 58. Ke2 Kf5 59. Ra4 Rb3 60. Kf1 Rc3 61. Kg2 Rb3 62. f3 Rc3 63. Kg3 Rc5 64. Rh4 Rc1 65. Rh5+ Kg6 66. Ra5 Rc6 67. f4 Kf6 68. Kg4 Rb6 69. Rh5 Kg6 70. f5+ Kg7 71. Kg5 Kf7 72. Rh7+ Kg8 73. Ra7 Kf8 74. f6 Rb1 1/2-1/2

[Event "SVK-chT1W 1920"]
[Site "Slovakia"]
[Date "2020.06.21"]
[Round "11.8"]
[White "Marusic, Martin"]
[Black "Sarkozi, Szabolcs"]
[Result "0-1"]
[WhiteElo "1775"]
[BlackElo "2100"]
[PlyCount "70"]
[EventDate "2019.10.12"]
[EventType "team-tourn"]
[EventRounds "11"]
[EventCountry "SVK"]
[SourceTitle "EXT 2022"]
[Source "ChessBase"]
[SourceDate "2021.10.06"]
[SourceVersion "1"]
[SourceVersionDate "2021.10.06"]
[SourceQuality "1"]
[WhiteTeam "Bratislava Lokomotiva"]
[BlackTeam "Komarno"]
[WhiteTeamCountry "SVK"]
[BlackTeamCountry "SVK"]

1. e4 c5 2. Nf3 Nc6 3. Nc3 e5 4. g3 g6 5. Bg2 Bg7 6. d3 Nge7 7. Be3 d6 8. Qd2 Nd4 9. Bh6 Bxh6 10. Qxh6 Nxc2+ 11. Kd2 Nxa1 12. Rxa1 Be6 13. Qg7 Rg8 14. Qxh7 Qb6 15. Nd1 0-0-0 16. b3 Nc6 17. Ne3 Qa5+ 18. Ke2 Nd4+ 19. Nxd4 exd4 20. Nc4 Qc3 21. Rd1 Rh8 22. Qg7 Rxh2 23. Bf3 Bxc4 24. bxc4 Qc2+ 25. Rd2 Rxf2+ 26. Kxf2 Qxd2+ 27. Be2 Qe3+ 28. Kf1 Qxg3 29. Qf6 g5 30. Bf3 Qf4 31. Qf5+ Qxf5 32. exf5 f6 33. Kf2 Re8 34. Be4 Re5 35. Kf3 a6 0-1

[Event "SVK-chT2B 1920"]
[Site "Slovakia"]
[Date "2020.03.07"]
[Round "10.6"]
[White "Sarkozi, Szabolcs"]
[Black "Kunovsky, Daniel"]
[Result "1/2-1/2"]
[WhiteElo "2012"]
[BlackElo "1996"]
[PlyCount "179"]
[EventDate "2019.10.26"]
[EventType "team-tourn"]
[EventRounds "11"]
[EventCountry "SVK"]
[SourceTitle "CBM 195 Extra"]
[Source "ChessBase"]
[SourceDate "2020.05.31"]
[SourceVersion "1"]
[SourceVersionDate "2020.05.31"]
[SourceQuality "1"]
[WhiteTeam "Komarno II"]
[BlackTeam "Sala Slovan Duslo"]
[WhiteTeamCountry "SVK"]
[BlackTeamCountry "SVK"]

1. e4 e5 2. Nf3 Nc6 3. Bb5 a6 4. Ba4 Nf6 5. 0-0 Be7 6. Re1 b5 7. Bb3 d6 8. c3 0-0 9. h3 Na5 10. Bc2 c5 11. d4 Qc7 12. Nbd2 cxd4 13. cxd4 Nc6 14. Nf1 exd4 15. Bf4 Be6 16. Rc1 Qb6 17. a3 Rac8 18. Ng3 Rfe8 19. Ng5 Ne5 20. Nxe6 fxe6 21. Bb3 Nc4 22. e5 dxe5 23. Bxe5 Rcd8 24. Qd3 Nxb2 25. Qb1 Bxa3 26. Bc7 Qa7 27. Bxd8 Rxd8 28. Bxe6+ Kh8 29. Rc8 Rxc8 30. Bxc8 d3 31. Nf1 Qd4 32. Nd2 Bc5 33. Rf1 Bb4 34. Nf3 Qc3 35. Rc1 Qa3 36. Be6 Bc3 37. Bf5 g6 38. Be6 d2 39. Nxd2 Bxd2 40. Rc8+ Kg7 41. Rc7+ Kh8 42. Rc8+ Kg7 43. Rc7+ Kh6 44. Rc2 Bf4 45. Rxb2 Qd6 46. Re2 Bh2+ 47. Kh1 Be5 48. Ba2 b4 49. Qb3 a5 50. g3 Qd4 51. Kh2 Kg7 52. Qe6 Bd6 53. Qf7+ Kh6 54. Qe6 a4 55. Bb1 b3 56. Re3 b2 57. Rf3 Nh5 58. Rf7 Bxg3+ 59. fxg3 Qd2+ 60. Kg1 Qc1+ 61. Kg2 Qxb1 62. Qe3+ g5 63. h4 Qc2+ 64. Kh3 Qc8+ 65. Kh2 Qc2+ 66. Kh3 Qg6 67. hxg5+ Qxg5 68. Rxh7+ Kg6 69. Qe4+ Qf5+ 70. Qxf5+ Kxf5 71. Rxh5+ Kg6 72. Rb5 a3 73. Rb6+ Kf5 74. Rb5+ Ke6 75. Rb6+ Kd5 76. Rb3 a2 77. Rxb2 a1Q 78. Rf2 Qh1+ 79. Kg4 Ke5 80. Rf4 Qg2 81. Kh4 Qh1+ 82. Kg4 Ke6 83. Kg5 Qh3 84. Rf6+ Ke5 85. g4 Qe3+ 86. Kg6 Qe4+ 87. Rf5+ Ke6 88. Kg5 Qe3+ 89. Kh5 Qh3+ 90. Kg5 1/2-1/2

[Event "SVK-ch U16"]
[Site "Liptovsky Mikulas"]
[Date "2019.04.29"]
[Round "8"]
[White "Sarkozi, Szabolcs"]
[Black "Beres, Tomas"]
[Result "1-0"]
[WhiteElo "1976"]
[BlackElo "1865"]
[PlyCount "65"]
[EventDate "2019.04.23"]
[EventType "swiss"]
[EventRounds "9"]
[EventCountry "SVK"]
[SourceTitle "CBM 190 Extra"]
[Source "ChessBase"]
[SourceDate "2019.07.15"]
[SourceVersion "1"]
[SourceVersionDate "2019.07.15"]
[SourceQuality "1"]

1. e4 c5 2. Nf3 Nc6 3. Bb5 g6 4. Bxc6 dxc6 5. h3 Bg7 6. 0-0 Nf6 7. Nc3 0-0 8. d3 Nd7 9. Be3 e5 10. Nh2 Re8 11. Qd2 Qe7 12. Rae1 Nf8 13. Kh1 Ne6 14. Ne2 Nd4 15. Ng3 Be6 16. c3 Nb5 17. a4 Nc7 18. f4 exf4 19. Bxf4 Bb3 20. Ng4 Ne6 21. Bh6 Qh4 22. Bxg7 Kxg7 23. Qf2 Qe7 24. Nf6 Rh8 25. e5 Rad8 26. Qe3 h6 27. Nge4 b6 28. Qg3 h5 29. h4 Nc7 30. c4 Ne8 31. Nxe8+ Rhxe8 32. Nd6 Rf8 33. Nf5+ 1-0

[Event "SVK-chT3A2 1819"]
[Site "Slovakia"]
[Date "2018.12.09"]
[Round "5.5"]
[White "Mosny, Jaroslav"]
[Black "Sarkozi, Szabolcs"]
[Result "0-1"]
[WhiteElo "1944"]
[BlackElo "1905"]
[PlyCount "114"]
[EventDate "2018.10.07"]
[EventType "team-tourn"]
[EventRounds "11"]
[EventCountry "SVK"]
[SourceTitle "EXT 2020"]
[Source "ChessBase"]
[SourceDate "2019.10.17"]
[SourceVersion "1"]
[SourceVersionDate "2019.10.17"]
[SourceQuality "1"]
[WhiteTeam "Trnava Lokomotiva II"]
[BlackTeam "Potonska Veza II"]
[WhiteTeamCountry "SVK"]
[BlackTeamCountry "SVK"]

1. d4 g6 2. Nf3 Bg7 3. e4 d6 4. Be2 Nf6 5. Nc3 0-0 6. 0-0 b6 7. Re1 Bb7 8. Bf1 c5 9. Bg5 cxd4 10. Nxd4 Nbd7 11. Qd2 Nc5 12. f3 a6 13. Rad1 Qc7 14. g3 Rfd8 15. Bg2 e5 16. Nb3 Ne6 17. Be3 d5 18. exd5 Nxd5 19. Nxd5 Bxd5 20. Qf2 Rab8 21. c3 a5 22. Nc1 f5 23. Qc2 Qc6 24. Rf1 b5 25. b3 Nd4 26. Qf2 Ne6 27. Ne2 a4 28. f4 e4 29. Nd4 Nxd4 30. Bxd4 axb3 31. Bxg7 Kxg7 32. Qd4+ Kf7 33. Qe5 bxa2 34. g4 Be6 35. gxf5 gxf5 36. Bh3 Rg8+ 37. Kf2 Qb6+ 38. Rd4 Rbd8 39. Bxf5 Rxd4 40. cxd4 Bxf5 41. Qxf5+ Qf6 42. Qd7+ Kf8 43. Qc8+ Ke7 44. Qc7+ Ke6 45. Qc6+ Kf7 46. Qd7+ Qe7 47. Qf5+ Kg7 48. Rg1+ Kh8 49. Rxg8+ Kxg8 50. Qc8+ Qf8 51. Qe6+ Kg7 52. Qxa2 Qxf4+ 53. Ke1 Qe3+ 54. Kf1 Qxd4 55. Qg2+ Kf6 56. Qg4 Qd3+ 57. Kf2 Qf3+ 0-1

[Event "SVK-chT3A2 1819"]
[Site "Slovakia"]
[Date "2018.11.25"]
[Round "4.2"]
[White "Markuliak, Mario"]
[Black "Sarkozi, Szabolcs"]
[Result "1-0"]
[WhiteElo "1845"]
[BlackElo "1905"]
[PlyCount "109"]
[EventDate "2018.10.07"]
[EventType "team-tourn"]
[EventRounds "11"]
[EventCountry "SVK"]
[SourceTitle "EXT 2020"]
[Source "ChessBase"]
[SourceDate "2019.10.17"]
[SourceVersion "1"]
[SourceVersionDate "2019.10.17"]
[SourceQuality "1"]
[WhiteTeam "Cifer"]
[BlackTeam "Potonska Veza II"]
[WhiteTeamCountry "SVK"]
[BlackTeamCountry "SVK"]

1. c4 g6 2. Nc3 Bg7 3. g3 d6 4. Bg2 e5 5. Nf3 Nd7 6. d4 Ngf6 7. 0-0 0-0 8. Qc2 Re8 9. Bg5 c6 10. Rad1 Qe7 11. b4 h6 12. Bc1 e4 13. Nd2 d5 14. c5 Nf8 15. Nb3 Bf5 16. Be3 Ng4 17. Qc1 Bf6 18. h3 Nxe3 19. Qxe3 Bg5 20. f4 exf3 21. Qxe7 Rxe7 22. Rxf3 Bc2 23. Rdf1 Bxb3 24. axb3 Be3+ 25. Kh2 Bxd4 26. Nd1 Rae8 27. e3 Bg7 28. R3f2 Ne6 29. h4 h5 30. e4 dxe4 31. Bxe4 Nd4 32. Bd3 f5 33. Bc4+ Kh7 34. Nb2 Re3 35. Nd1 Re1 36. Kg2 Rxf1 37. Kxf1 Re4 38. Kg2 Ne6 39. Ra2 a6 40. Nf2 Re3 41. Rd2 Nd4 42. Nd3 Bh6 43. Rd1 Re2+ 44. Nf2 Be3 45. Bxe2 Nxe2 46. Kf3 Bxf2 47. Kxf2 Nc3 48. Rd7+ Kg8 49. Rxb7 Ne4+ 50. Kf3 a5 51. bxa5 Nxc5 52. Rb6 Ne6 53. a6 Kf8 54. a7 Nc7 55. Rxc6 1-0